Sports Quiz

Random Sports or City Quiz

Big 4 Teams Within City Limits Quiz Stats

 Plays Quiz not verified by Sporcle

Challenge
Share
Tweet
Score 0/11 Timer 02:00
0 Plays Today
# of Teams City % Correct
4Los Angeles, CA
90.3%
5Chicago, IL
86.9%
3Houston, TX
75.5%
4Atlanta, GA
71.8%
4Philadelphia, PA
71.8%
4Denver, CO
71.5%
3Cleveland, OH
57.7%
3Pittsburgh, PA
57.4%
3St. Louis, MO
57%
3Oakland, CA
40.6%
3Toronto, ON
26.8%

You're not logged in!

Compare scores with friends on all Sporcle quizzes.
OR
Log In

You Might Also Like...

Show Comments

Extras

Top Quizzes Today


Score Distribution

Your Account Isn't Verified!

In order to create a playlist on Sporcle, you need to verify the email address you used during registration. Go to your Sporcle Settings to finish the process.

Report this User

Report this user for behavior that violates our Community Guidelines.

Details: